Punchlines - Sexion d'Assaut - Statistiques

Statistiques générales
  • Ce quiz a été pris 54 fois
  • Le résultat moyen est 6 sur 15
Statistiques - réponses
Hint Réponse % Correct
On peut remplacer des poumons, mais sûrement pas une daronne Avant qu'elle parte
89%
Il s'en remet à la France, mais clairement, l'État s'en tape, d'une famille africaine qu'est morte dans son appart' Problèmes d'adultes
57%
Le rêve est à nos pieds donc on dort tête bêche Ma direction
54%
Et oui j'suis faible, et j'suis qu'un homme Wati by night
54%
Nous sommes des bolides, vous êtes des luges. Nous sommes comparables au déluge Balader
52%
Mes cicatrices sont comme mes larmes. Trop d'fierté pour qu'j'te les montre, même si j'ai mal. J'reste debout
48%
J'veux nourrir toute la misère, car les p'tits agonisent tant, mais mon frigo s'mange des hagras comme les reufs d'Afghanistan J'ai pas les loves
41%
Nous sommes tous victimes du cancer de la raison 75 degrés
39%
Akhi, la vie est une punchline. La mort en est une autre A 30%
39%
J'préfère être dans l'ombre, c'est peut-êt' pour ça qu'mes potes sont noirs ; raté, ma peau est blanche donc forcément c'est qu'moi qu'on voit La tâche
39%
Ils veulent qu'on respecte les consignes. En gros, ils veulent qu'on reste bête et qu'on signe Vu la haine que j'ai
30%
Suis-je né sous une bonne étoile, j'en sais rien j'suis pas astronome A coeur ouvert
28%
Bienvenue en France, on est 60 millions de moutons, donc pour dormir j'compte les habitants de ma ville L'endurance
26%
L'Homme vénère l'intelligent en oubliant qu'Hitler l'était L'œil de verre
26%
Ils s'assoient au d'ssus des lois normal qu'on trouve qu'elles puent la merde Plus qu'un son
17%
Aucun quiz correspondant
Distribution des résultats
% des personnes avec chaque résultat
Percentile par nombre de réponses
Votre historique - résultats
Vous n’avez pas pris ce quiz